| 000 -LEADER |
| fixed length control field |
01459cam a2200229 a 4500 |
| 003 - CONTROL NUMBER IDENTIFIER |
| control field |
OSt |
| 005 - DATE AND TIME OF LATEST TRANSACTION |
| control field |
20200317154932.0 |
| 008 - FIXED-LENGTH DATA ELEMENTS--GENERAL INFORMATION |
| fixed length control field |
040820s2004 enkab b 001 0 eng |
| 020 ## - INTERNATIONAL STANDARD BOOK NUMBER |
| International Standard Book Number |
9780750659345 |
| 040 ## - CATALOGING SOURCE |
| Original cataloging agency |
UKM |
| Transcribing agency |
UKM |
| Modifying agency |
KKS |
| -- |
IBS |
| -- |
DLC |
| 082 00 - DEWEY DECIMAL CLASSIFICATION NUMBER |
| Classification number |
307.1216 |
| Edition number |
22 |
| Item number |
WAL |
| 100 1# - MAIN ENTRY--PERSONAL NAME |
| Personal name |
Walters, David |
| Fuller form of name |
(David R.) |
| 245 10 - TITLE STATEMENT |
| Title |
Design first : |
| Remainder of title |
design-based planning for communities / |
| Statement of responsibility, etc |
David Walters, Linda Brown. |
| 260 ## - PUBLICATION, DISTRIBUTION, ETC. (IMPRINT) |
| Place of publication, distribution, etc |
Oxford : |
| Name of publisher, distributor, etc |
Architectural, |
| Date of publication, distribution, etc |
2004. |
| 300 ## - PHYSICAL DESCRIPTION |
| Extent |
x, 277 p. : |
| Other physical details |
ill. (some col.), maps (some col.) ; |
| Dimensions |
25 cm. |
| 504 ## - BIBLIOGRAPHY, ETC. NOTE |
| Bibliography, etc |
Includes bibliographical references (p. 257-268) and index. |
| 505 0# - FORMATTED CONTENTS NOTE |
| Formatted contents note |
Introduction : history, theory, and contemporary practice -- Paradigms lost and found : dilemmas of the Anglo-American city -- Cities, suburbs, and sprawl -- Traditional urbanism : new urbanism and smart growth -- Devices and designs : sources of good urbanism -- Growth management, development control, and the role of urban design -- Urban design in the real world -- The region, case study 1 : CORE, North Carolina -- The city, case study 2 : city of Raleigh, NC Arena small area plan -- The town, case study 3 : Mooresville, North Carolina -- The neighborhood, case study 4 : Haynie-Sirrine Neighborhood, Greenville, South Carolina -- The block, case study 5 : town center, Cornelius, North Carolina. |
| 650 #0 - SUBJECT ADDED ENTRY--TOPICAL TERM |
| Topical term or geographic name as entry element |
City planning. |
| 650 #0 - SUBJECT ADDED ENTRY--TOPICAL TERM |
| Topical term or geographic name as entry element |
City planning |
| Geographic subdivision |
United States. |
| 700 1# - ADDED ENTRY--PERSONAL NAME |
| Personal name |
Brown, Linda |
| Fuller form of name |
(Linda Luise) |
| 942 ## - ADDED ENTRY ELEMENTS (KOHA) |
| Source of classification or shelving scheme |
|